000 00582nam a22002417a 4500
003 UA-OsUOA
001 22098
007 ta
008 20031216b un ||||| |||| 00| 0 ukr d
100 _aТихомиров М.Н.
090 _a008(091)(470)
_bТ46
942 _cBK
040 _aUA-OsUOA
_brus
_cUA-OsUOA
_dUA-OsUOA
245 _aРусская культура Х - XVIII веков
300 _a448 с.
955 _a0
041 _arus
080 _a008(091)(470)
260 _aМосква
_bНаука
_c1968
044 _aRU
650 7 _2UDC
999 _c308311
_d308311